[Event "Gardabaer Skakthing op"]
[Site "Gardabaer"]
[Date "2016.11.21"]
[Round "6"]
[White "Sigurdarson, Alec Elias"]
[Black "Magnusson, Jon"]
[Result "1/2-1/2"]
[WhiteElo "1423"]
[BlackElo "1884"]
[PlyCount "61"]
[EventDate "2016.10.17"]
[EventType "swiss"]
[EventRounds "7"]
[EventCountry "ISL"]
[SourceTitle "EXT 2018"]
[Source "ChessBase"]
[SourceDate "2017.10.13"]
[SourceVersion "1"]
[SourceVersionDate "2017.10.13"]
[SourceQuality "1"]

1. e4 e6 2. d4 d5 3. Nc3 Bb4 4. e5 c5 5. a3 Bxc3+ 6. bxc3 Ne7 7. Qg4 0-0 8. Bd3 Nbc6 9. Nf3 f5 10. exf6 Rxf6 11. Bg5 Rf7 12. Qh4 h6 13. Be3 c4 14. Be2 Qf8 15. 0-0 Ng6 16. Qg3 Nf4 17. Bd1 Bd7 18. Nh4 Ne7 19. Bxf4 Rxf4 20. Ng6 Nxg6 21. Qxg6 Qd6 22. Re1 Raf8 23. Qg3 b5 24. Bg4 a5 25. f3 Qb6 26. Qh3 R4f6 27. Rad1 Qd6 28. Ra1 Re8 29. Qg3 Qxg3 30. hxg3 g5 31. Re5 1/2-1/2

[Event "Reykjavik op"]
[Site "Reykjavik"]
[Date "2016.03.15"]
[Round "9"]
[White "Meier, Gerd"]
[Black "Sigurdarson, Alec Elias"]
[Result "1/2-1/2"]
[WhiteElo "1851"]
[BlackElo "1365"]
[PlyCount "60"]
[EventDate "2016.03.08"]
[EventType "swiss"]
[EventRounds "10"]
[EventCountry "ISL"]
[SourceTitle "CBM 171 Extra"]
[Source "ChessBase"]
[SourceDate "2016.04.26"]
[SourceVersion "1"]
[SourceVersionDate "2016.04.26"]
[SourceQuality "1"]

1. e4 e5 2. Nf3 Nc6 3. Bc4 Be7 4. d4 exd4 5. c3 dxc3 6. Qd5 Nh6 7. Bxh6 0-0 8. Bxg7 Kxg7 9. Nxc3 d6 10. Qd2 Ne5 11. Nxe5 dxe5 12. Qxd8 Rxd8 13. Nd5 Bd6 14. Ke2 Be6 15. Rhd1 Rd7 16. Ne3 Bxc4+ 17. Nxc4 Rad8 18. Nxd6 Rxd6 19. Rxd6 Rxd6 20. Rc1 c6 21. Rc3 Rd4 22. f3 Rb4 23. Rc2 Kf6 24. Rd2 Rd4 25. Rc2 a5 26. Rc3 Rb4 27. Rc2 a4 28. Kd3 Rd4+ 29. Ke2 h5 30. g3 Kg5 1/2-1/2

[Event "Reykjavik op"]
[Site "Reykjavik"]
[Date "2016.03.14"]
[Round "8"]
[White "Sigurdarson, Alec Elias"]
[Black "Edvardsen, Ragnar"]
[Result "0-1"]
[WhiteElo "1365"]
[BlackElo "1954"]
[PlyCount "88"]
[EventDate "2016.03.08"]
[EventType "swiss"]
[EventRounds "10"]
[EventCountry "ISL"]
[SourceTitle "CBM 171 Extra"]
[Source "ChessBase"]
[SourceDate "2016.04.26"]
[SourceVersion "1"]
[SourceVersionDate "2016.04.26"]
[SourceQuality "1"]

1. e4 e5 2. Nf3 Nc6 3. Bb5 a6 4. Ba4 Nf6 5. 0-0 Be7 6. Re1 b5 7. Bb3 d6 8. h3 0-0 9. c3 Nb8 10. d4 Nbd7 11. Nbd2 Bb7 12. Bc2 Re8 13. Nf1 Bf8 14. Ng3 g6 15. Bg5 h6 16. Bd2 c5 17. d5 Qc7 18. b3 Bg7 19. Qc1 Kh7 20. Be3 Nb6 21. Qd2 Bc8 22. Rac1 Bd7 23. Nh2 a5 24. Bd3 a4 25. b4 c4 26. Bc2 a3 27. f4 exf4 28. Bxf4 Ng8 29. Nf3 Na4 30. Bxa4 Rxa4 31. Be3 Qc8 32. Kh2 f5 33. exf5 Bxf5 34. Nxf5 Qxf5 35. Bf4 Be5 36. Bxe5 dxe5 37. Nd4 Qd7 38. Nc6 Raa8 39. Rxe5 Rxe5 40. Nxe5 Qd6 41. Qf4 Rf8 42. Qe4 Rf5 43. Re1 Nf6 44. Kh1 Nxe4 0-1

[Event "Reykjavik op"]
[Site "Reykjavik"]
[Date "2016.03.12"]
[Round "6"]
[White "Sigurdarson, Alec Elias"]
[Black "Harringer, Manfred"]
[Result "0-1"]
[WhiteElo "1365"]
[BlackElo "2016"]
[PlyCount "70"]
[EventDate "2016.03.08"]
[EventType "swiss"]
[EventRounds "10"]
[EventCountry "ISL"]
[SourceTitle "CBM 171 Extra"]
[Source "ChessBase"]
[SourceDate "2016.04.26"]
[SourceVersion "1"]
[SourceVersionDate "2016.04.26"]
[SourceQuality "1"]

1. e4 e5 2. Nf3 Nc6 3. Bb5 d6 4. d4 exd4 5. Nxd4 Bd7 6. Bxc6 bxc6 7. 0-0 g6 8. Nc3 Bg7 9. Be3 Nf6 10. f3 0-0 11. Qd2 c5 12. Nde2 Re8 13. Bg5 Bc6 14. Nd5 Bxd5 15. exd5 Qb8 16. c4 Nd7 17. Nc3 Qb4 18. Nb5 Qxc4 19. Nxc7 Re2 20. Qxe2 Qxe2 21. Nxa8 Qe8 22. Nc7 Qb8 23. Ne6 fxe6 24. dxe6 Nf6 25. Rae1 Ne8 26. b3 d5 27. Kh1 Bc3 28. Re3 Bd2 29. Rd3 Bxg5 30. Rxd5 Be7 31. Rd7 Kf8 32. f4 Nf6 33. f5 Qb5 34. Rdd1 gxf5 35. Rxf5 Qe2 0-1

[Event "Reykjavik op"]
[Site "Reykjavik"]
[Date "2015.03.10"]
[Round "1"]
[White "Einarsson, Halldor Gretar"]
[Black "Sigurdarson, Alec Elias"]
[Result "1-0"]
[WhiteElo "2166"]
[BlackElo "1348"]
[PlyCount "79"]
[EventDate "2015.03.10"]
[EventType "swiss"]
[EventRounds "10"]
[EventCountry "ISL"]
[SourceTitle "CBM 165 Extra"]
[Source "ChessBase"]
[SourceDate "2015.04.21"]
[SourceVersion "1"]
[SourceVersionDate "2015.04.21"]
[SourceQuality "1"]

1. d4 Nf6 2. c4 g6 3. f3 Bg7 4. e4 d6 5. Nc3 0-0 6. Be3 c5 7. d5 e6 8. Nge2 exd5 9. cxd5 a6 10. a4 Nbd7 11. Ng3 Ne5 12. Be2 Bd7 13. h3 Be8 14. 0-0 Rb8 15. f4 Ned7 16. Rf2 Qe7 17. Qd2 Kh8 18. Raf1 Ng8 19. Bc4 f5 20. Re2 fxe4 21. Ngxe4 Ndf6 22. Ng5 Bd7 23. Bxc5 dxc5 24. Rxe7 Nxe7 25. d6 Nc6 26. Nf7+ Kg8 27. Ne5+ Kh8 28. g4 Be8 29. Re1 Nd4 30. Kg2 Nd7 31. Nd3 Nb6 32. b3 Nxc4 33. bxc4 Bc6+ 34. Nd5 Bxa4 35. Nxc5 Bc6 36. Re7 Bf6 37. g5 Bxe7 38. Qxd4+ Bf6 39. gxf6 Rf7 40. Kg3 1-0

[Event "Reykjavik op"]
[Site "Reykjavik"]
[Date "2014.03.10"]
[Round "8"]
[White "Sigurdarson, Alec Elias"]
[Black "Hauksdottir, Hrund"]
[Result "0-1"]
[WhiteElo "1309"]
[BlackElo "1668"]
[PlyCount "50"]
[EventDate "2014.03.04"]
[EventType "swiss"]
[EventRounds "10"]
[EventCountry "ISL"]
[SourceTitle "CBM 159 Extra"]
[Source "ChessBase"]
[SourceDate "2014.04.24"]
[SourceVersion "1"]
[SourceVersionDate "2014.04.24"]
[SourceQuality "1"]

1. e4 e5 2. Nf3 Nc6 3. Bb5 a6 4. Ba4 Nf6 5. 0-0 b5 6. Bb3 Bc5 7. c3 d6 8. a4 Bd7 9. d4 Ba7 10. d5 Ne7 11. Nbd2 0-0 12. h3 Ng6 13. Re1 Nf4 14. Nf1 N6h5 15. Be3 Qf6 16. Kh2 Qg6 17. Nh4 Qg5 18. g3 Bxe3 19. Rxe3 Nxh3 20. Nf5 Bxf5 21. exf5 Nxf2 22. Qf3 Ng4+ 23. Kg2 Nxe3+ 24. Nxe3 Nf4+ 25. Kf2 Nd3+ 0-1

[Event "Reykjavik op"]
[Site "Reykjavik"]
[Date "2014.03.09"]
[Round "7"]
[White "Plantada Siurans, Estanislau"]
[Black "Sigurdarson, Alec Elias"]
[Result "0-1"]
[WhiteElo "1557"]
[BlackElo "1309"]
[PlyCount "88"]
[EventDate "2014.03.04"]
[EventType "swiss"]
[EventRounds "10"]
[EventCountry "ISL"]
[SourceTitle "CBM 159 Extra"]
[Source "ChessBase"]
[SourceDate "2014.04.24"]
[SourceVersion "1"]
[SourceVersionDate "2014.04.24"]
[SourceQuality "1"]

1. e4 e5 2. Nf3 Nc6 3. c3 Nf6 4. d4 exd4 5. e5 Qe7 6. cxd4 Nd5 7. Bc4 Qb4+ 8. Nbd2 Nb6 9. a3 Qa5 10. b4 Nxb4 11. Bxf7+ Kxf7 12. Ng5+ Ke8 13. 0-0 Nc6 14. Qh5+ g6 15. Qf3 Qd5 16. Nde4 Be7 17. Nf6+ Bxf6 18. Qxf6 Rf8 19. Qg7 Qg8 20. Qh6 Nd5 21. Nxh7 Rf5 22. Ng5 Nxd4 23. Bb2 Ne6 24. Ne4 Rh5 25. Qd2 c6 26. Nf6+ Nxf6 27. exf6 Rd5 28. Qb4 Qf8 29. Qg4 Qf7 30. Rad1 Rg5 31. Qb4 d5 32. Rfe1 Kd8 33. Re2 c5 34. Qh4 d4 35. Rxe6 Rxg2+ 36. Kxg2 Bxe6 37. Re1 Kc7 38. Qf4+ Kc6 39. Qe4+ Bd5 40. Bxd4 Bxe4+ 41. f3 cxd4 42. Rc1+ Kd6 43. Re1 Bxf3+ 44. Kxf3 Qxf6+ 0-1

[Event "Reykjavik op"]
[Site "Reykjavik"]
[Date "2014.03.05"]
[Round "3"]
[White "Norlander, Svante"]
[Black "Sigurdarson, Alec Elias"]
[Result "1-0"]
[WhiteElo "1754"]
[BlackElo "1309"]
[PlyCount "43"]
[EventDate "2014.03.04"]
[EventType "swiss"]
[EventRounds "10"]
[EventCountry "ISL"]
[SourceTitle "CBM 159 Extra"]
[Source "ChessBase"]
[SourceDate "2014.04.24"]
[SourceVersion "1"]
[SourceVersionDate "2014.04.24"]
[SourceQuality "1"]

1. e4 e5 2. Nc3 Nf6 3. f4 d5 4. d3 dxe4 5. fxe5 Ng4 6. d4 Bf5 7. Be2 Nh6 8. Bxh6 gxh6 9. a3 Nc6 10. Bb5 Bd7 11. Bxc6 Bxc6 12. d5 Bd7 13. Qe2 Bf5 14. 0-0-0 Qg5+ 15. Kb1 Bg4 16. Qb5+ Bd7 17. Qxb7 Rc8 18. Nxe4 Qxg2 19. Nf6+ Kd8 20. e6 fxe6 21. dxe6 Qxb7 22. Rxd7# 1-0